000 00733nam 22002173 4500
001 200184
090 _a200184
100 _a20260126 pory50
200 _aModerna enciclopédia de animais
_fCoordenação editorial Philip Whitfield
_gtradução Maria Rosália Mendes
210 _a[Lisboa]
_cCírculo de Leitores
_dimp. 1986
215 _a1 v. ( p. 304 a 605, [1] p.)
_cil. ; encadernado
_d28 cm
300 _a.- falta o volume nº 1
327 _a. - 2º vol.: Aves, repteis, anfibios, peixes
606 _974
_aZoologia
675 _a592
_vPT
_zpor
675 _a595.9
_vPT
_zpor
702 _916012
_aWhitfield
_bPhilip
702 _916013
_aMendes
_bMaria Rosália
801 _aPT
_bBMMN
_gRPC
830 _cAna
_fAna
990 _cLIVROS